000 03241cam a2200301 i 4500
003 SA-RiAUC
005 20250222121656.0
008 250222s2007 su g 00010 ara c
040 _aSA-RiKAPL
_bara
_cSA-RiAUC
_erda
072 7 _a026
082 0 4 _a237.3
_qSA-RiAUC
090 _a237.3
100 1 _aابن سبيل، محمد بن عبد الله،
_d1345-1434 هجري
_eمؤلف.
245 1 0 _aمن هدي المصطفى صلى الله عليه وسلم /
_cتأليف محمد بن عبد الله السبيل.
250 _aالطبعة الأولى.
264 1 _aالرياض :
_bدار الصميعي للنشر والتوزيع،
_c2007
300 _a397 صفحة ؛
_c24 سم
336 _aنص
_btxt
_2rdacontent
_3كتاب
337 _aبدون وسيط
_bn
_2rdamedia
338 _aمجلد
_bnc
_2rdacarrier
650 7 _aالحديث
_xجوامع الفنون
_2aucsh
856 _uhttp://saaid.net/book/open.php?cat=94&book=14569
_yExternal Link
_2 نرجو الانتباه لإمكانية وجود اختلاف في الطبعة أو الناشر بين البيانات على البوابة وما ستجده على الكتاب نظرا لمحدودية المعلومات المتاحة على الموقع الناشر للمادة.
_3Please note that there may be a difference in the edition or publisher between the data on the portal and the book due to the limited information available on the publisher website for the material.
856 _uhttp://saaid.net/book/20/14860.pdf
_yDigital Copy
_2 نرجو الانتباه لإمكانية وجود اختلاف في الطبعة أو الناشر بين البيانات على البوابة وما ستجده على الكتاب نظرا لمحدودية المعلومات المتاحة على الموقع الناشر للمادة.
_3Please note that there may be a difference in the edition or publisher between the data on the portal and the book due to the limited information available on the publisher website for the material.
856 _uhttp://saaid.net/book/open.php?cat=94&book=14569
_yExternal Link
_2 نرجو الانتباه لإمكانية وجود اختلاف في الطبعة أو الناشر بين البيانات على البوابة وما ستجده على الكتاب نظرا لمحدودية المعلومات المتاحة على الموقع الناشر للمادة.
_3Please note that there may be a difference in the edition or publisher between the data on the portal and the book due to the limited information available on the publisher website for the material.
856 _uhttp://saaid.net/book/open.php?cat=94&book=14569
_yExternal Link
_2 نرجو الانتباه لإمكانية وجود اختلاف في الطبعة أو الناشر بين البيانات على البوابة وما ستجده على الكتاب نظرا لمحدودية المعلومات المتاحة على الموقع الناشر للمادة.
_3Please note that there may be a difference in the edition or publisher between the data on the portal and the book due to the limited information available on the publisher website for the material.
942 _2ddc
_cBOOK
_n0
949 _aSA-JeALM
_d250222
_ueid123
_n1
999 _c6150
_d6150